UBT Library

Magnetoelectric devices: transducers, transformers, and machines (Record no. 1327)

000 -LEADER
fixed length control field 00504nam a22001697a 4500
008 - FIXED-LENGTH DATA ELEMENTS--GENERAL INFORMATION
fixed length control field 151021b xxu||||| |||| 00| 0 eng d
041 0# - LANGUAGE CODE
Language code of text/sound track or separate title eng
080 ## - UNIVERSAL DECIMAL CLASSIFICATION NUMBER
Universal Decimal Classification number 621.31
100 1# - Rafti
Rafti Slemon, Gordon R.
245 10 - TITLE STATEMENT
Title Magnetoelectric devices: transducers, transformers, and machines
Statement of responsibility, etc [by] Gordon R. Slemon.
260 ## -
-- New York,
-- Wiley
-- 1966.
300 ## -
-- x, 544 f.
-- me il.;
-- 24 cm.
650 #0 -
-- Transformacioni elektrik
650 #0 -
-- Maqina elektrike
650 #0 -
-- Motorat elektrikë
942 ## - ADDED ENTRY ELEMENTS (KOHA)
Source of classification or shelving scheme
Item type Books
Holdings
Withdrawn status Lost status Source of classification or shelving scheme Damaged status Not for loan Collection code Permanent location Current location Shelving location Date acquired Total Checkouts Full call number Barcode Date last seen Price effective from Koha item type
          Koleksioni i përgjithshem UBT - Lipjan UBT - Lipjan Koleksioni i përgjithshem 10/21/2015   621.31 SLE 002-008440 10/21/2015 10/21/2015 Books
UBT Library © 2015-2024. All rights reserved University Education for Business and Technology